000 00302nam a2200133Ia 4500
008 231129s1943||||xx |||||||||||||| ||spa||
040 _bspa
082 _aF840.92 V434c
100 _aVelasquez B. Luis Carlos
245 0 _aClasicos franceses
260 _c1943
264 _aCentro
942 _2ddc
_cBKS
999 _c7073
_d7073